বরণীয় ব্যক্তিত্ব / (Record no. 30892)
[ view plain ]
| 000 -LEADER | |
|---|---|
| fixed length control field | 01035nam a22002297a 4500 |
| 003 - CONTROL NUMBER IDENTIFIER | |
| control field | BDDh-ASL |
| 005 - DATE AND TIME OF LATEST TRANSACTION | |
| control field | 20231016062620.0 |
| 008 - FIXED-LENGTH DATA ELEMENTS--GENERAL INFORMATION | |
| fixed length control field | 220502s2004 b ||||| |||| 00| 0 b d |
| 040 ## - CATALOGING SOURCE | |
| Transcribing agency | BDDh-ASL |
| 041 ## - LANGUAGE CODE | |
| Language code of text/sound track or separate title | bengali |
| 082 ## - DEWEY DECIMAL CLASSIFICATION NUMBER | |
| Classification number | 920 |
| Item number | SAM |
| 245 00 - TITLE STATEMENT | |
| Title | বরণীয় ব্যক্তিত্ব / |
| Statement of responsibility, etc. | রফিকুল ইসলাম ও অন্যান্য (সম্পা.)। |
| 246 ## - VARYING FORM OF TITLE | |
| Title proper/short title | Baraniya Bektitya. |
| 260 ## - PUBLICATION, DISTRIBUTION, ETC. | |
| Place of publication, distribution, etc. | ঢাকা: |
| Name of publisher, distributor, etc. | বাংলা বিভাগ, ঢাকা বিশ্ববিদ্যালয়, |
| Date of publication, distribution, etc. | ২০০৪। |
| 300 ## - PHYSICAL DESCRIPTION | |
| Extent | ৫৪৩ পৃষ্ঠা: |
| Dimensions | ২২ সে.মি. |
| Other physical details | ছবি; |
| 650 #0 - SUBJECT ADDED ENTRY--TOPICAL TERM | |
| Topical term or geographic name entry element | biographical dictionary - চরিতাভিধান |
| 9 (RLIN) | 4665 |
| 650 #0 - SUBJECT ADDED ENTRY--TOPICAL TERM | |
| 9 (RLIN) | 6188 |
| Topical term or geographic name entry element | Short Biography (সংক্ষিপ্ত জীবনী) |
| 700 1# - ADDED ENTRY--PERSONAL NAME | |
| Personal name | ইসলাম, রফিকুল |
| Titles and other words associated with a name | অধ্যাপক |
| 9 (RLIN) | 5744 |
| 700 ## - ADDED ENTRY--PERSONAL NAME | |
| Personal name | সাঈদ-উর-রহমান |
| 9 (RLIN) | 1042 |
| 700 1# - ADDED ENTRY--PERSONAL NAME | |
| Personal name | ঘোষ, বিশ্বজিৎ |
| 9 (RLIN) | 1058 |
| 942 ## - ADDED ENTRY ELEMENTS (KOHA) | |
| Source of classification or shelving scheme | Dewey Decimal Classification |
| Koha item type | Books |
| Withdrawn status | Lost status | Source of classification or shelving scheme | Damaged status | Not for loan | Collection code | Home library | Current library | Shelving location | Date acquired | Source of acquisition | Total Checkouts | Full call number | Barcode | Date last seen | Copy number | Price effective from | Koha item type |
|---|---|---|---|---|---|---|---|---|---|---|---|---|---|---|---|---|---|
| Dewey Decimal Classification | Non-fiction | Asiatic Society Library | Asiatic Society Library | Wakil Ahmed Collection | 03/07/2023 | Donated by Prof. Wakil Ahmed | 920 SAM | 119445 | 03/07/2023 | C-1 | 03/07/2023 | Books |